000 00490nam a2200181Ia 4500
005 20250508152059.0
008 008 250505s9999 xx 000 0 eng d
037 _aTextual
040 _aFEDL
_beng
_cFEDL
041 _aeng
_2eng
084 _a572, SHA
_qFEDL
100 _aShapiro Harry L
245 0 _aMan, Culture, and society
260 _aNew York, USA
_bOxford University Press
_c1956
300 _axi,380p.
942 _cTEXL
_h572, SHA
999 _c1334130
_d1334130